| 000 | 00631nam a2200205Ia 4500 | ||
|---|---|---|---|
| 005 | 20260629163254.0 | ||
| 008 | 260629s9999||||xx |||||||||||||| ||und|| | ||
| 020 |
_a9780143104254 _qpbk |
||
| 082 |
_a294.5923 _bPAT |
||
| 100 | _aPattanaik, Devdutt | ||
| 245 | 0 | _aJaya : an illustrated retelling of the Mahabharata | |
| 260 |
_aGurugram _bPenguin Random House India _c2010 |
||
| 300 | _axix, 349p. ; 23cm. | ||
| 653 | _aEpic literature, Sanskrit | ||
| 653 | _aHindu mythology | ||
| 653 | _aIndia—Civilization | ||
| 653 | _aMahabharata—Adaptations | ||
| 653 | _aMahabharata—Criticism and interpretation | ||
| 942 | _cBK | ||
| 999 |
_c57292 _d57292 |
||